Healthy Development: the world strategy for health, nutrition,& population results (Record no. 31669)

MARC details
000 -LEADER
fixed length control field 00605nam a2200145 a 4500
008 - FIXED-LENGTH DATA ELEMENTS--GENERAL INFORMATION
fixed length control field 071211s2007 ||||||||||||||||| || u
020 ## - INTERNATIONAL STANDARD BOOK NUMBER
International Standard Book Number 9780821371930
050 ## - LIBRARY OF CONGRESS CALL NUMBER
Classification number RA 410.55.D48 Hea
110 ## - MAIN ENTRY--CORPORATE NAME
Corporate name or jurisdiction name as entry element World Bank
245 10 - TITLE STATEMENT
Title Healthy Development: the world strategy for health, nutrition,& population results
260 ## - PUBLICATION, DISTRIBUTION, ETC.
Place of publication, distribution, etc. Washington, D. C.
Name of publisher, distributor, etc. World Bank
Date of publication, distribution, etc. 2007
300 ## - PHYSICAL DESCRIPTION
Extent xix, 220p. :ill.
350 ## -
-- 0.00
995 ## -
-- MEDICAL LIBRARY OPEN ACCESS
-- 0.00
-- 744896
-- CBU-SCHOOL OF MEDICINE LIBRARY (Ndola)
-- 1
-- 0.00
-- RA 410.55.D48 Hea
-- 1
-- AVAILABLE
-- Jan 10, 2008
-- 55897
-- Medical Library Open Access Collection
999 ## -
-- 31669
-- 31669
Holdings
Withdrawn status Lost status Source of classification or shelving scheme Damaged status Not for loan Permanent Location Current Location Shelving location Date acquired Total Checkouts Full call number Barcode Date last seen Price effective from Koha item type
          CBU-SCHOOL OF MEDICINE LIBRARY, NDOLA. CBU-SCHOOL OF MEDICINE LIBRARY, NDOLA.   11/30/2022   RA 410.55.D48 Hea 55897 11/30/2022 11/30/2022 MONOGRAPH